=LDR 00000nam 2200000 4500 =001 INLIS000000000049542 =005 20170228084904.0 =006 =007 =008 =020 ##$$a 978-602-7686-66-7 =035 ##$$0010-021700000000334 =040 ##$$a NBPDMAT =082 ##$$a 392.959 865 1 =090 ##$$a 392.959 865 1 Mur n =100 ##$$a Murdi, Lalu =245 ##$$a Nilai kebersamaan masyarakat sasak ( Referentasi Besiru, Banjar dan sistem gotong royong lainnya ) / $c Lalu Murdi , M.pd =260 ##$$a Pringgabaya : $b KSU Primaguna, $c 2014 =300 ##$$a v, 110 hlm . : $b ilus . ; $c 20 cm =500 ##$$a Bibliografi : hlm .105 - 108 =500 ##$$a biografi : hlm .109 - 110 =650 ##$$a Kehidupan sosial dan Adat Istiadat Lomnbok =990 ##$$a 008/46/2017 =990 ##$$a 21603511 =990 ##$$a 21603512 =990 ##$$a 21603513 =990 ##$$a 21603514 =990 ##$$a 008/46/2017 =990 ##$$a 008/46/2017 =990 ##$$a 21603512 =990 ##$$a 21603513 =990 ##$$a 21603514 =990 ##$$a 008/46/2017 =990 ##$$a 008/46/2017 =990 ##$$a 008/46/2017 =990 ##$$a 21603513 =990 ##$$a 21603514 =990 ##$$a 008/46/2017 =990 ##$$a 008/46/2017 =990 ##$$a 008/46/2017 =990 ##$$a 008/46/2017 =990 ##$$a 21603514 =990 ##$$a 008/46/2017 =990 ##$$a 008/46/2017 =990 ##$$a 008/46/2017 =990 ##$$a 008/46/2017 =990 ##$$a 008/46/2017